|
|
|
|
| LEADER |
00000nam0a2200000 4500 |
| 001 |
182052 |
| 005 |
20231031171206.0 |
| 035 |
|
|
|a (RuTPU)RU\TPU\book\197334
|
| 090 |
|
|
|a 182052
|
| 100 |
|
|
|a 20100616d1975 m y0rusy50 ca
|
| 101 |
1 |
|
|a rus
|c eng
|
| 102 |
|
|
|a RU
|
| 105 |
|
|
|a a z 000gy
|
| 200 |
1 |
|
|a Поэзия английского романтизма
|e пер. с англ.
|f авт. предисл. Д. Урнов
|
| 210 |
|
|
|a Москва
|c Художественная литература
|d 1975
|
| 215 |
|
|
|a 670 с.
|c цв. ил.
|
| 225 |
1 |
|
|a Библиотека всемирной литературы
|v Т. 125
|
| 225 |
1 |
|
|a Серия вторая. Литература XIX века
|
| 320 |
|
|
|a Примечания: с. 599-656
|
| 330 |
|
|
|a В книгу вошли произведения таких авторов как: Вильям Блейк, Вальтер Скотт, Сэмюель Тэйлор Кольридж, Вильям Вордсворт, Роберт Саути, Томас Мур, Джордж Гордон Байрон, Перси Биши Шелли и Джон Китс
|
| 464 |
|
|
|a Китс, Джон
|
| 610 |
1 |
|
|a английская литература
|
| 610 |
1 |
|
|a романтизм
|
| 610 |
1 |
|
|a поэзия
|
| 675 |
|
|
|a 82
|v 3
|
| 702 |
|
1 |
|a Урнов
|b Д.
|4 080
|
| 801 |
|
1 |
|a RU
|b 63413507
|c 20100616
|
| 801 |
|
2 |
|a RU
|b 63413507
|c 20100616
|g RCR
|
| 942 |
|
|
|c BK
|